00578ntaaa2200145 45000030003000000050017000030080021000200400037000410820017000782450022000952500010001172600047001273000012001745000246001860120251027203014.00714s1973 ag 01  aAR-BaBNbspacAR-BaBNeaacrdRIC a313.0000 AL6 aAlmanaque Mundial a1 ed. aMéxico : bEditoria Moderna, c1956-1974 a8 tomos aPublicado por Selecciones de Readers Digest. En publicación. La biblioteca recibe la edición de cada año. T.1 año 1956: T.2 año 1959: T.3 año 1966: T.4 año 1967: T.5 año 1968: T.6 año 1969: T.7 año 1985: T.8 año 1974